| 000 | 00792nam a2200265 a 4500 | ||
|---|---|---|---|
| 001 | 000019383 | ||
| 005 | 20200929170013.0 | ||
| 008 | 920107s1966 sp 001 d spa d | ||
| 040 |
_aDO-SdBNP _cDLC _dDLC |
||
| 082 |
_a862.5 _bB456f, 1966 |
||
| 100 | 1 |
_aBenavente, Jacinto, _d1866-1954 _95362 |
|
| 245 | 1 | 3 |
_aLa fuerza bruta / _cJacinto Benavente. |
| 250 | _a5a ed. | ||
| 260 |
_aMadrid : _bEspasa-Calpe, _c1966. |
||
| 300 |
_a151 p. ; _c18 cm. |
||
| 490 | 1 |
_aAustral. Violeta: teatro y poesía _v305 |
|
| 500 | _aIncluye índice de autores. | ||
| 650 | 4 |
_aTeatro español _93071 |
|
| 650 | 4 |
_aLiteratura española _9632 |
|
| 740 | 3 | _aLo cursi | |
| 830 | 0 |
_aAustral. Violeta: teatro y poesía; _v305 _939559 |
|
| 910 | _aCatalogación derivada / LC | ||
| 910 | _aWM | ||
| 049 | _aBNGR | ||
| 999 |
_c18900 _d18900 |
||